000 00712nam a2200193Ii 4500
003 JO-AjNU
008 230605s9999||||xx |||||||||||||| ||und||
040 _aJO-AjNU
_bara
_erda
_cJO-AjNU
041 _aara
050 1 4 _aE58.H5
100 3 _aتاليف هبين، فرانك؛ ترجمة الصياد، محمد محمود,
_eauthor
_934727
245 0 0 _aالحضارة القديمة في الدنيا الجديدة
264 3 1 _aالفجالة: مكتبة مصر
300 _a224ص
_bصور توضبحية
336 _atext
_btxt
_2rdacontent
337 _aunmediated
_bn
_2rdamedia
338 _avolume
_bnc
_2rdacarrier
650 4 _aالولايات المتحدة الامريكية-تاريخ
_934728
999 _aA14268
_c17836
_d17836